El gíbaro (Registro nro. 16872)

Detalles MARC
000 -CABECERA
Longitud fija campo de control 00533nam a2200169 b 4500
003 - IDENTIFICADOR DELl NÚMERO DE CONTROL
Identificador del número de control OSt
005 - FECHA Y HORA DE LA ÚLTIMA TRANSACCIÓN
Fecha y hora de la última transacción 20150109180712.0
008 - CÓDIGOS DE INFORMACIÓN DE LONGITUD FIJA
Códigos de información de longitud fija 070618s1974 pr | o||| ||spa
040 ## - FUENTE DE LA CATALOGACIÓN
Centro transcriptor BMC
082 ## - NÚMERO DE LA CLASIFICACIÓN DECIMAL DEWEY
Númeroo de clasificación 972.95
100 1# - PUNTO DE ACCESO PRINCIPAL-NOMBRE DE PERSONA
Nombre de persona Alonso, Manuel A.
Fechas asociadas al nombre 1822-1889
9 (RLIN) 29702
245 13 - MENCIÓN DE TÍTULO
Título El gíbaro
Resto del título : cuadro de costumbres de la Isla de Puerto Rico
Mención de responsabilidad, etc. Manuel A. Alonso
260 ## - PUBLICACIÓN, DISTRIBUCIÓN, ETC. (PIE DE IMPRENTA)
Lugar de publicación, distribución, etc. San Juan, Puerto Rico
Nombre del editor, distribuidor, etc. Instituto de Cultura Puertorriqueña
Fecha de publicación, distribución, etc. 1974
300 ## - DESCRIPCIÓN FÍSICA
Extensión 204 p.
Otras características físicas il.
Dimensiones 19 cm
651 24 - PUNTO DE ACCESO ADICIONAL DE MATERIA - NOMBRE GEOGRÁFICO
Nombre geográfico Puerto Rico
Subdivisión de materia general Descripción
9 (RLIN) 29679
942 ## - ENTRADA DE ELEMENTOS AGREGADOS (KOHA)
Fuente de clasificaión o esquema Dewey Decimal Classification
Koha [por defecto] tipo de item 1- Monografias
Existencias
Suprimido Perdido Fuente de clasificación o esquema Estropeado Restricciones de uso No para préstamo Código de colección Localización permanente Localización actual Localización en estanter&íacute;as Fecha adquisición Fuente de adquisición Número de inventario Préstamos totales Signatura completa Código de barras Fecha última consulta Fecha del precio de reemplazo Tipo de item de Koha
NULL NULL Dewey Decimal Classification NULL Prestable NULL NULL Biblioteca Miguel de Cervantes - UNICAES Biblioteca Miguel de Cervantes - UNICAES Sala Principal 18/12/2014 Donación - Mayorga Rivas 026199   972.95 ALO gib 1026609 18/12/2014 18/12/2014 1- Monografias